000 nam a22 7a 4500
999 _c50556
_d50556
003 OSt
005 20210316095438.0
008 210316b xxu||||| |||| 00| 0 eng d
040 _cIIMT UNIVERSITY MEERUT
100 _aGOPAL KRISHAN
245 _aMATERIAL MANAGEMENT
260 _aNEW DELHI
_bPRENTICE HALL OF INDIA
_c2003
300 _a276
942 _2ddc
_c02